Malakoplakia systemás lupus erythematosus és adrenogenitalis syndroma együttes előfordulása

Elmentve itt :
Bibliográfiai részletek
Szerzők: Mohácsi Gábor
Kuthy Enikő
Julesz János
Berger Zoltán
Dokumentumtípus: Cikk
Megjelent: 1980
Sorozat:Kolligátum
Kulcsszavak:Urológia, Vesebetegségek, Gyulladás, Patológia, Immunológia - betegség, Systemás Lupus Erythematosus, Malakoplakia
Online Access:http://misc.bibl.u-szeged.hu/26549
LEADER 00809nab a2200205 i 4500
001 misc26549
005 20191108145854.0
008 170913s1980 hu o 0|| zxx d
040 |a SZTE Miscellanea Repozitórium  |b hun 
041 |a zxx 
100 1 |a Mohácsi Gábor 
245 1 0 |a Malakoplakia systemás lupus erythematosus és adrenogenitalis syndroma együttes előfordulása  |h [elektronikus dokumentum] /  |c  Mohácsi Gábor 
260 |c 1980 
300 |a 2140-2144 
490 0 |a Kolligátum 
695 |a Urológia, Vesebetegségek, Gyulladás, Patológia, Immunológia - betegség, Systemás Lupus Erythematosus, Malakoplakia 
700 0 1 |a Kuthy Enikő  |e aut 
700 0 1 |a Julesz János  |e aut 
700 0 1 |a Berger Zoltán  |e aut 
856 4 0 |u http://misc.bibl.u-szeged.hu/26549/1/019_008_2140-2144.pdf  |z Dokumentum-elérés